| 000 | 01425nam a22003017a 4500 | ||
|---|---|---|---|
| 003 | DO-SdBNP | ||
| 005 | 20220711134840.0 | ||
| 007 | ta | ||
| 008 | 220711b2007 dr ||||| |||| 00| 0 spa d | ||
| 020 | _a9993444030 | ||
| 040 |
_aDO-SdBNP _bspa _cBNPHU |
||
| 082 | 4 |
_a344.729301 _bR426c, 2007 _222 |
|
| 110 | 1 |
_aRepública Dominicana _9447 |
|
| 240 | 1 | 0 | _a[Código de trabajo] |
| 245 | 1 | 0 |
_aCódigo de trabajo de la Repúbliica Dominicana : _bley 16-92 promulgada el 29 de mayo de 1992, modificado en los Arts. 177, 184, 222, 263, 264, 467 y 473 : Reglamento para la apliación, Decreto no. 258-93 del 1ro de octubre de 1993, resoluciones del secretario de trabajo / _cedición Héctor Bienvenido Guzmán |
| 250 | _a13a. ed. corregida, actualizada y ampliada | ||
| 260 |
_aMoca, República Dominicana : _bDalis, _c2007. |
||
| 300 |
_a436 p. ; _c25 cm. |
||
| 500 | _aLegislación complementarias y comentario del Lic. Carlos Hernández Contreras : decretos, convenios internacionales O.I.T. y resoluciones del Comité Nacional de Salario | ||
| 590 | _aInventariado, 2022/BT | ||
| 650 | 4 |
_aDerecho laboral _xLegislación _zRepública Dominicana _97806 |
|
| 650 | 4 |
_aLegislación laboral _zRepública Dominicana _911733 |
|
| 650 | 4 |
_aLeyes _xRepública Dominicana _910364 |
|
| 651 | 4 |
_aRepública Dominicana _xLey 16-92 _952585 |
|
| 700 | 1 |
_aGuzmán, Héctor Bienvenido, _967425 _eed |
|
| 910 | _aBtavárez | ||
| 942 |
_2ddc _cLBS1 |
||
| 999 |
_c52170 _d52170 |
||